| 000 | 01168 a2200361 4500 | ||
|---|---|---|---|
| 001 | 63285 | ||
| 999 |
_c63285 _d16321 |
||
| 003 | TR-AnTOB | ||
| 005 | 20190408214243.0 | ||
| 008 | 831107s1985 njua b 001 0 eng | ||
| 010 | _a83024475 | ||
| 020 |
_a0691065993 (alk. paper) : _c$45.00 |
||
| 040 |
_aDLC _cDLC _dDLC |
||
| 041 | _aeng | ||
| 043 | _aa-ja--- | ||
| 050 | 0 |
_aPL726.1 _b.M495 1985 |
|
| 090 | _aPL726.1 .M495 1985 | ||
| 100 |
_aMiner, Earl Roy _935179 |
||
| 245 | 4 |
_aThe Princeton companion to classical Japanese literature / _cby Earl Miner, Hiroko Odagiri, and Robert E. Morrell. |
|
| 264 | 1 |
_aPrinceton, N.J. : _bPrinceton University Press, _cc1985. |
|
| 300 |
_axxi, 570 p. : _bill. ; _c25 cm. |
||
| 500 | _aIncludes index. | ||
| 504 | _aBibliography: p. [515]-519. | ||
| 590 | _aIn English. | ||
| 650 |
_aJapanese literature _yTo 1868 _vHandbooks, manuals, etc. _935182 |
||
| 700 |
_aOdagiri, Hiroko _935180 |
||
| 700 |
_aMorrell, Robert E. _935181 |
||
| 901 | _a0020851 | ||
| 902 | _abs | ||
| 906 |
_a7 _bcbc _corignew _d1 _eocip _f19 _gy-gencatlg |
||
| 942 | _cBK | ||